00382 a2200085 450000500170000010000190001724501980003625000080023426000540024220260327144254.0 aNandgaonkar S. aआधुनिक महाराष्ट्राची जडणघडण शिल्पकार चरित्रकोश खंड ७: चित्रपट आणि संगीत a1st bSaptahik Vivek Hindusthan Prakashan Samsthac2014